[Event "Kolomna-ch 67th"]
[Site "Kolomna"]
[Date "2016.12.25"]
[Round "2"]
[White "Gurov, Vladimir Demianovic"]
[Black "Matrosov, Vladimir"]
[Result "0-1"]
[WhiteElo "1777"]
[BlackElo "1906"]
[PlyCount "84"]
[EventDate "2016.12.24"]
[EventType "swiss"]
[EventRounds "10"]
[EventCountry "RUS"]
[SourceTitle "EXT 2019"]
[Source "ChessBase"]
[SourceDate "2018.10.10"]
[SourceVersion "1"]
[SourceVersionDate "2018.10.10"]
[SourceQuality "1"]

1. d4 d5 2. Nf3 Nf6 3. g3 g6 4. Bg2 Bg7 5. 0-0 0-0 6. c3 e6 7. Bg5 h6 8. Bc1 Nbd7 9. Qc2 c5 10. Nbd2 cxd4 11. Nxd4 e5 12. N4b3 Qc7 13. Qd1 a5 14. Nf3 a4 15. Nbd2 Nb6 16. a3 Be6 17. Qe1 Bf5 18. Nh4 Bc2 19. e4 Bd3 20. exd5 Bxf1 21. Nxf1 Nbxd5 22. Nd2 Rfe8 23. Ne4 Rad8 24. Be3 Nxe3 25. Qxe3 Nxe4 26. Qxe4 Re7 27. Qxa4 Rd2 28. Qb3 Qc5 29. Rf1 Rd6 30. h3 e4 31. Qb4 Qxb4 32. axb4 Rd2 33. Rb1 Kh7 34. Bf1 e3 35. fxe3 Rxe3 36. g4 Bf6 37. Ng2 Rxh3 38. Re1 Rxb2 39. Re3 Rxe3 40. Nxe3 Bxc3 41. Nd1 Bd4+ 42. Kh1 Rxb4 0-1

[Event "Moscow Region-ch"]
[Site "Kolomna"]
[Date "2015.10.17"]
[Round "2"]
[White "Matrosov, Vladimir"]
[Black "Ermakov, Boris"]
[Result "1-0"]
[WhiteElo "1978"]
[BlackElo "1935"]
[PlyCount "119"]
[EventDate "2015.10.16"]
[EventType "swiss"]
[EventRounds "9"]
[EventCountry "RUS"]
[SourceTitle "CBM 169 Extra"]
[Source "ChessBase"]
[SourceDate "2015.12.18"]
[SourceVersion "1"]
[SourceVersionDate "2015.12.18"]
[SourceQuality "1"]

1. c4 Nf6 2. b3 e6 3. Bb2 d5 4. cxd5 exd5 5. Nf3 Be7 6. g3 Nc6 7. Bg2 0-0 8. 0-0 Bf5 9. d3 Qe8 10. Nc3 a6 11. Rc1 Qd7 12. Na4 Qe6 13. e3 h6 14. Nc5 Bxc5 15. Rxc5 Nd7 16. Rc1 Bh3 17. a3 Bxg2 18. Kxg2 Rae8 19. b4 Nde5 20. Rc5 b6 21. Rc2 Qf5 22. Nxe5 Nxe5 23. Bxe5 Qxe5 24. d4 Qe4+ 25. Kg1 Re6 26. Qd2 h5 27. Rc3 Qf3 28. Qd1 Qf5 29. Kg2 h4 30. g4 Rg6 31. h3 Qe6 32. Qc2 c6 33. f4 f5 34. g5 Kf7 35. Qf2 Rh8 36. Rfc1 Qd7 37. a4 b5 38. axb5 axb5 39. Qc2 Rc8 40. Ra1 Rd6 41. Ra5 Rb8 42. Ra6 Rc8 43. Rb6 Qe6 44. Rxb5 Re8 45. Rb7+ Kg6 46. Ra3 Re7 47. Rb6 Qe4+ 48. Qxe4 Rxe4 49. b5 Ree6 50. Rb7 cxb5 51. Raa7 Kh7 52. Rxg7+ Kh8 53. Rgb7 Re8 54. Kf3 Rde6 55. Ra3 Rc6 56. Rxb5 Rce6 57. Rxd5 Kg7 58. Rxf5 Kg6 59. Rfa5 Kh5 60. Re5 1-0

[Event "St Petersburg White Nights op"]
[Site "St Petersburg"]
[Date "2010.06.22"]
[Round "7"]
[White "Kozenkov, Valery"]
[Black "Matrosov, Vladimir"]
[Result "1/2-1/2"]
[WhiteElo "2108"]
[BlackElo "2184"]
[PlyCount "32"]
[EventDate "2010.06.16"]
[EventType "swiss"]
[EventRounds "9"]
[EventCountry "RUS"]
[SourceTitle "EXT 2011"]
[Source "ChessBase"]
[SourceDate "2010.11.26"]
[SourceVersion "1"]
[SourceVersionDate "2010.11.26"]
[SourceQuality "1"]

1. d4 e6 2. e4 d5 3. e5 c5 4. c3 Nc6 5. Nf3 Qb6 6. Bd3 Bd7 7. 0-0 cxd4 8. cxd4 Nxd4 9. Nxd4 Qxd4 10. Nc3 Qxe5 11. Re1 Qd6 12. Nb5 Qb6 13. Be3 Qa5 14. Bd2 Qb6 15. Be3 Qa5 16. Bd2 Qb6 1/2-1/2

[Event "St Petersburg White Nights op"]
[Site "St Petersburg"]
[Date "2010.06.21"]
[Round "6"]
[White "Kharchenko, Daniil"]
[Black "Matrosov, Vladimir"]
[Result "0-1"]
[WhiteElo "1854"]
[BlackElo "2184"]
[PlyCount "82"]
[EventDate "2010.06.16"]
[EventType "swiss"]
[EventRounds "9"]
[EventCountry "RUS"]
[SourceTitle "EXT 2011"]
[Source "ChessBase"]
[SourceDate "2010.11.26"]
[SourceVersion "1"]
[SourceVersionDate "2010.11.26"]
[SourceQuality "1"]

1. e4 e6 2. d4 d5 3. e5 c5 4. c3 Nc6 5. Nf3 Qb6 6. a3 a5 7. Be2 Nh6 8. Qa4 Bd7 9. Bb5 Nxe5 10. Bxd7+ Nxd7 11. Ne5 Rd8 12. Nd2 f6 13. Nxd7 Rxd7 14. 0-0 Nf5 15. dxc5 Bxc5 16. Nb3 Ke7 17. Nxa5 Qa6 18. b4 Bb6 19. g4 Nh4 20. Nc6+ Kd6 21. Qxa6 bxa6 22. Nd4 Bxd4 23. cxd4 Nf3+ 24. Kg2 Nxd4 25. Bb2 Nc6 26. Rac1 Rb8 27. Rc2 Rc7 28. Rfc1 Rbc8 29. f4 Na7 30. Rxc7 Rxc7 31. Rxc7 Kxc7 32. h4 Kc6 33. a4 Nc8 34. Bd4 Nb6 35. a5 Na4 36. g5 fxg5 37. hxg5 g6 38. Bf6 Kb5 39. Be7 Nc3 40. Kf3 Na2 41. Ke3 Nxb4 0-1

[Event "St Petersburg White Nights op"]
[Site "St Petersburg"]
[Date "2010.06.19"]
[Round "4"]
[White "Mukha, Aleksey"]
[Black "Matrosov, Vladimir"]
[Result "0-1"]
[WhiteElo "1928"]
[BlackElo "2184"]
[PlyCount "56"]
[EventDate "2010.06.16"]
[EventType "swiss"]
[EventRounds "9"]
[EventCountry "RUS"]
[SourceTitle "EXT 2011"]
[Source "ChessBase"]
[SourceDate "2010.11.26"]
[SourceVersion "1"]
[SourceVersionDate "2010.11.26"]
[SourceQuality "1"]

1. e4 e6 2. d4 d5 3. Nd2 Nf6 4. e5 Nfd7 5. Bd3 c5 6. c3 Nc6 7. Ne2 cxd4 8. cxd4 f6 9. exf6 Nxf6 10. 0-0 Bd6 11. Nf3 Qc7 12. g3 0-0 13. Nc3 a6 14. Be3 Kh8 15. Rc1 Bd7 16. Ng5 h6 17. f4 e5 18. fxe5 Bxe5 19. Rxf6 Bxf6 20. Nh7 Bxd4 21. Bxd4 Nxd4 22. Nxf8 Rxf8 23. Nxd5 Qe5 24. Nf4 Qe3+ 25. Kg2 Rxf4 26. gxf4 Qh3+ 27. Kf2 Bg4 28. Be2 Nxe2 0-1

[Event "St Petersburg op"]
[Site "St Petersburg"]
[Date "2009.01.03"]
[Round "1"]
[White "Matrosov, Vladimir"]
[Black "Gorbov, Andrey"]
[Result "1-0"]
[WhiteElo "2175"]
[BlackElo "1955"]
[PlyCount "55"]
[EventDate "2009.01.03"]
[EventType "swiss"]
[EventRounds "9"]
[EventCountry "RUS"]
[SourceTitle "EXT 2010"]
[Source "ChessBase"]
[SourceDate "2010.11.25"]
[SourceVersion "1"]
[SourceVersionDate "2010.11.25"]
[SourceQuality "1"]

1. f4 d5 2. Nf3 Nf6 3. e3 e6 4. d4 c5 5. c3 Nc6 6. Bd3 Bd7 7. 0-0 Be7 8. Bd2 0-0 9. Be1 a6 10. Nbd2 b5 11. Ne5 Ra7 12. Rf3 Qb6 13. Rh3 Bc8 14. Bxh7+ Kh8 15. Bc2+ Kg8 16. Bh4 g6 17. Bxf6 Bxf6 18. Qg4 Nxe5 19. fxe5 Bg7 20. Qh4 Re8 21. Bxg6 Ree7 22. Rf1 cxd4 23. cxd4 a5 24. Bd3 b4 25. Rg3 Qd8 26. Rxg7+ Kxg7 27. Qh7+ Kf8 28. Qh8# 1-0

[Event "St Petersburg Mai op"]
[Site "St Petersburg"]
[Date "2008.05.05"]
[Round "5"]
[White "Zhukov, Klim"]
[Black "Matrosov, Vladimir"]
[Result "0-1"]
[WhiteElo "2123"]
[BlackElo "2182"]
[PlyCount "100"]
[EventDate "2008.05.01"]
[EventType "swiss"]
[EventRounds "9"]
[EventCountry "RUS"]
[SourceTitle "CBM 124 Extra"]
[Source "ChessBase"]
[SourceDate "2008.07.03"]
[SourceVersion "1"]
[SourceVersionDate "2008.07.03"]
[SourceQuality "1"]

1. d4 e6 2. c4 f5 3. g3 Nf6 4. Bg2 d5 5. Nh3 c6 6. 0-0 Bd6 7. Bf4 0-0 8. Qc2 Be7 9. Nc3 h6 10. Rad1 Ne4 11. f3 Nxc3 12. Qxc3 Bf6 13. c5 g5 14. Bd6 Re8 15. e4 Be7 16. e5 b6 17. b4 Ba6 18. Rf2 Bc4 19. Rb2 b5 20. Ra1 a5 21. Bf1 axb4 22. Qxb4 Bxf1 23. Kxf1 Ra4 24. Qd2 Nd7 25. f4 g4 26. Nf2 Bxd6 27. exd6 Qf6 28. Rd1 Rea8 29. Qe2 Kf7 30. Nd3 Rxd4 31. Ne5+ Nxe5 32. Rxd4 Nc4 33. Rxc4 dxc4 34. Qe5 Qxe5 35. fxe5 c3 36. Rc2 b4 37. Ke2 Ra5 38. Kd3 Rxc5 39. Kd4 Rd5+ 40. Kc4 c5 41. a4 bxa3 42. Rxc3 Rxe5 43. Kb5 c4+ 44. Kb6 Ke8 45. Kc7 Rc5+ 46. Kb6 Rd5 47. Kc7 Rc5+ 48. Kb6 Rc8 49. Kb7 Kd7 50. Rxa3 c3 0-1

[Event "St Petersburg Zak Memorial"]
[Site "St Petersburg"]
[Date "2007.03.27"]
[Round "4"]
[White "Matrosov, Vladimir"]
[Black "Maevsky, Nikolay"]
[Result "1/2-1/2"]
[WhiteElo "2105"]
[BlackElo "2158"]
[PlyCount "129"]
[EventDate "2007.03.24"]
[EventType "swiss"]
[EventRounds "9"]
[EventCountry "RUS"]
[SourceTitle "CBM 117 Extra"]
[Source "ChessBase"]
[SourceDate "2007.05.09"]
[SourceVersion "1"]
[SourceVersionDate "2007.05.09"]
[SourceQuality "1"]

1. f4 g6 2. Nf3 Bg7 3. e3 Nf6 4. d4 0-0 5. Bd3 d6 6. 0-0 Nbd7 7. c3 Re8 8. Bc4 c5 9. Bd2 Qc7 10. Na3 a6 11. Ng5 e6 12. Bb3 b5 13. Be1 Bb7 14. Bg3 h6 15. Nf3 Ne4 16. Nb1 Rac8 17. Nbd2 Nb6 18. Nxe4 Bxe4 19. Nd2 Bb7 20. Qe2 Qc6 21. Rac1 cxd4 22. exd4 Nd5 23. Nf3 a5 24. Qd2 Nf6 25. Rfe1 a4 26. Bc2 a3 27. Bd3 axb2 28. Qxb2 Ba6 29. Nd2 Rb8 30. Nf1 Rec8 31. Qa3 Bf8 32. Ne3 Nd7 33. Be2 Rb6 34. Bf3 d5 35. Qb2 Rb7 36. Qd2 Nb6 37. Ng4 Nc4 38. Qf2 Qb6 39. Ne3 Nxe3 40. Qxe3 Qa5 41. Rc2 Qa3 42. Rec1 Rb6 43. Qd2 Rbc6 44. Be1 Qa4 45. Bd1 Ba3 46. Rb1 Qa5 47. Rb3 Bf8 48. Rcb2 Qc7 49. Be2 Bd6 50. g3 Qa7 51. Qe3 Rc4 52. Rb1 Ra4 53. Qd2 b4 54. cxb4 Bxe2 55. Qxe2 Rxa2 56. R3b2 Qxd4+ 57. Bf2 Rc1+ 58. Rxc1 Qxb2 59. Rc8+ Kh7 60. Qxb2 Rxb2 61. Bd4 Rb1+ 62. Kg2 g5 63. g4 f6 64. fxg5 fxg5 65. Rc6 1/2-1/2

[Event "St Petersburg Zak Memorial"]
[Site "St Petersburg"]
[Date "2007.03.24"]
[Round "1"]
[White "Matrosov, Vladimir"]
[Black "Eliseev, Alexey"]
[Result "0-1"]
[WhiteElo "2105"]
[BlackElo "2424"]
[PlyCount "72"]
[EventDate "2007.03.24"]
[EventType "swiss"]
[EventRounds "9"]
[EventCountry "RUS"]
[SourceTitle "CBM 117 Extra"]
[Source "ChessBase"]
[SourceDate "2007.05.09"]
[SourceVersion "1"]
[SourceVersionDate "2007.05.09"]
[SourceQuality "1"]

1. f4 d5 2. Nf3 c5 3. e3 Nc6 4. Bb5 Qb6 5. Bxc6+ Qxc6 6. b3 f6 7. Bb2 Nh6 8. 0-0 b6 9. d3 e6 10. Nbd2 Bd6 11. Qe2 0-0 12. Kh1 Bb7 13. Rae1 Rae8 14. a4 Bc7 15. Nh4 e5 16. fxe5 Bxe5 17. Bxe5 Rxe5 18. Nhf3 Re7 19. e4 Rfe8 20. exd5 Rxe2 21. dxc6 Bxc6 22. Ne4 Rxc2 23. Kg1 Rd8 24. Rf2 Rxf2 25. Nxf2 Bxf3 26. gxf3 Nf5 27. Kg2 Kf7 28. a5 Rd4 29. axb6 axb6 30. Re4 h5 31. f4 Rxe4 32. Nxe4 Nd4 33. Nd2 Ke6 34. Kf2 Kf5 35. Ke3 Nc2+ 36. Kf3 Ne1+ 0-1

[Event "St Petersburg-ch qual"]
[Site "St Petersburg"]
[Date "2006.12.04"]
[Round "4"]
[White "Matrosov, Vladimir"]
[Black "Anosov, Sergey"]
[Result "1-0"]
[WhiteElo "2108"]
[BlackElo "2080"]
[PlyCount "75"]
[EventDate "2006.11.27"]
[EventType "swiss"]
[EventRounds "10"]
[EventCountry "RUS"]
[SourceTitle "EXT 2008"]
[Source "ChessBase"]
[SourceDate "2007.11.25"]
[SourceVersion "1"]
[SourceVersionDate "2007.11.25"]
[SourceQuality "1"]

1. f4 d5 2. Nf3 Nf6 3. e3 c5 4. d4 e6 5. c3 Nbd7 6. Bd3 Ne4 7. 0-0 Ndf6 8. Ne5 c4 9. Bc2 Bd7 10. Nd2 Nd6 11. Qe2 Be7 12. e4 0-0 13. Nxd7 Nxd7 14. e5 Nf5 15. Bxf5 exf5 16. Rf3 Re8 17. Nf1 Nf8 18. Rh3 a5 19. Ne3 Qd7 20. Bd2 b5 21. Rf1 Ra6 22. Qh5 g6 23. Qf3 Rd8 24. g4 fxg4 25. Nxg4 f5 26. Ne3 a4 27. a3 Kf7 28. Be1 h5 29. Kh1 Qe6 30. Bh4 Bxh4 31. Rxh4 Qe7 32. Rh3 Ke6 33. Rg1 Qf7 34. Rhg3 Rd7 35. Rg5 Qh7 36. Ng2 Kf7 37. Nh4 Rd8 38. Qg2 1-0

[Event "Chigorin Memorial-B 14th"]
[Site "St Petersburg"]
[Date "2006.10.29"]
[Round "8"]
[White "Nikolaev, Vadim S"]
[Black "Matrosov, Vladimir"]
[Result "1-0"]
[WhiteElo "2255"]
[BlackElo "2108"]
[PlyCount "83"]
[EventDate "2006.10.23"]
[EventType "swiss"]
[EventRounds "9"]
[EventCountry "RUS"]
[SourceTitle "EXT 2007"]
[Source "ChessBase"]
[SourceDate "2006.11.23"]
[SourceVersion "1"]
[SourceVersionDate "2006.11.23"]
[SourceQuality "1"]

1. d4 e6 2. c4 f5 3. g3 Nf6 4. Bg2 d5 5. Nd2 c6 6. Nh3 Bb4 7. Qb3 Qe7 8. 0-0 0-0 9. Nf3 Bd6 10. Bf4 Nbd7 11. Bxd6 Qxd6 12. Nf4 Ne4 13. Nd3 g5 14. Rad1 Qe7 15. Nfe5 Ndf6 16. f3 Nd6 17. Nf2 Nd7 18. Nfd3 Nf6 19. Qa3 Qc7 20. Rc1 Bd7 21. b4 a6 22. Qb2 Qd8 23. Qd2 h6 24. Nc5 Qe7 25. Ng6 Qf7 26. Nxf8 Rxf8 27. Nxd7 Qxd7 28. c5 Nc4 29. Qd3 e5 30. e4 exd4 31. Qxd4 f4 32. e5 Ne3 33. exf6 Nxf1 34. Rxf1 Qf5 35. Re1 Rxf6 36. Qe5 Qxe5 37. Rxe5 Kf8 38. Kf2 Rf7 39. Bh3 fxg3+ 40. hxg3 Rc7 41. Ke3 b6 42. Re6 1-0

[Event "Chigorin Memorial-B 14th"]
[Site "St Petersburg"]
[Date "2006.10.26"]
[Round "5"]
[White "Matrosov, Vladimir"]
[Black "Larsen Hagen, Brede Andre"]
[Result "1-0"]
[WhiteElo "2108"]
[BlackElo "2013"]
[PlyCount "155"]
[EventDate "2006.10.23"]
[EventType "swiss"]
[EventRounds "9"]
[EventCountry "RUS"]
[SourceTitle "EXT 2007"]
[Source "ChessBase"]
[SourceDate "2006.11.23"]
[SourceVersion "1"]
[SourceVersionDate "2006.11.23"]
[SourceQuality "1"]

1. f4 d5 2. Nf3 g6 3. g3 Bg7 4. Bg2 c5 5. c3 Nc6 6. 0-0 Nf6 7. d3 0-0 8. Re1 Re8 9. Qc2 d4 10. e4 e5 11. fxe5 Ng4 12. Bg5 Qb6 13. Nbd2 Ngxe5 14. Nxe5 Nxe5 15. c4 Bd7 16. Nf3 Bg4 17. Nxe5 Bxe5 18. Qf2 Rf8 19. Rf1 Rae8 20. h3 Bc8 21. g4 f5 22. exf5 gxf5 23. Bd5+ Kg7 24. gxf5 Bxf5 25. Qg2 Qg6 26. Kh1 h6 27. Bd2 Qxg2+ 28. Kxg2 Bxd3 29. Rxf8 Rxf8 30. Re1 Bf6 31. Bf4 Bh4 32. Bg3 Bxg3 33. Kxg3 Kf6 34. Re6+ Kg5 35. h4+ Kh5 36. Bf3+ Rxf3+ 37. Kxf3 Bxc4 38. Re5+ Kxh4 39. b3 Bf1 40. Rxc5 d3 41. Ke3 h5 42. Rc7 Bg2 43. Kxd3 Kg3 44. Ke3 h4 45. Rg7+ Kh2 46. Kf4 Kh3 47. Rh7 Bc6 48. Kg5 Kg3 49. Rxh4 Kf3 50. Rd4 Ke3 51. Rd8 Ke4 52. Kf6 Bd5 53. Ke7 Kd4 54. Rd6 Kc5 55. Kd7 Be4 56. Kc7 Bf3 57. Rf6 Be4 58. Rf4 Bg2 59. Ra4 a6 60. Rg4 Bf3 61. Rf4 Bg2 62. a4 a5 63. Rf5+ Kb4 64. Rb5+ Ka3 65. Rxa5 Kxb3 66. Ra7 Kb4 67. Kb6 Bc6 68. a5 Bh1 69. Ra8 Kc4 70. Rh8 Bg2 71. Rh4+ Kb3 72. Kc5 Ka3 73. Rh2 Be4 74. Rh3+ Kb2 75. Kb6 Kc2 76. Re3 Bc6 77. Re7 Kb3 78. Rxb7 1-0

[Event "St Petersburg White Nights op"]
[Site "St Petersburg"]
[Date "2006.07.01"]
[Round "9"]
[White "Nikologorskiy, Konstantin"]
[Black "Matrosov, Vladimir"]
[Result "0-1"]
[WhiteElo "1946"]
[BlackElo "2082"]
[PlyCount "144"]
[EventDate "2006.06.23"]
[EventType "swiss"]
[EventRounds "9"]
[EventCountry "RUS"]
[SourceTitle "CBM 112 Extra"]
[Source "ChessBase"]
[SourceDate "2006.07.14"]
[SourceVersion "1"]
[SourceVersionDate "2006.07.14"]
[SourceQuality "1"]

1. c4 f5 2. d4 Nf6 3. Nc3 e6 4. Nf3 Bb4 5. a3 Bxc3+ 6. bxc3 b6 7. g3 Bb7 8. Bg2 0-0 9. 0-0 d6 10. Re1 Qe7 11. Qc2 Be4 12. Qb3 Nbd7 13. a4 a5 14. Ba3 Kh8 15. Nd2 Bxg2 16. Kxg2 e5 17. Qb5 Rac8 18. e3 Ne4 19. Qb2 Qf7 20. Nxe4 fxe4 21. Qe2 Rce8 22. Rf1 Re6 23. f4 exf3+ 24. Rxf3 Nf6 25. d5 e4 26. Rf5 Qg6 27. Raf1 Ree8 28. h4 h6 29. h5 Qf7 30. g4 Qe7 31. Bc1 Nd7 32. Bd2 Ne5 33. R1f4 Rxf5 34. Rxf5 Rf8 35. Rf4 Nd3 36. Rf1 Kg8 37. Be1 Rxf1 38. Qxf1 Qf7 39. Bh4 Qxf1+ 40. Kxf1 Nb2 41. Bd8 Nxc4 42. Ke2 Kf7 43. g5 hxg5 44. Bxg5 Nb2 45. Bd8 Ke8 46. Bxc7 Nc4 47. Kf2 Kd7 48. Bb8 Kc8 49. Bxd6 Nxd6 50. Kg3 b5 51. axb5 a4 52. Kf4 a3 53. Ke5 a2 54. Kxd6 a1Q 55. c4 Qf6+ 56. Kc5 Kc7 57. Kb4 Qf2 58. c5 Qd2+ 59. Kc4 Qd3+ 60. Kb4 Qxd5 61. h6 gxh6 62. c6 Kb6 63. c7 Kxc7 64. Ka5 Qd2+ 65. Ka4 h5 66. Kb3 h4 67. Kc4 h3 68. b6+ Kxb6 69. Kb3 h2 70. Kc4 h1R 71. Kb3 Rb1+ 72. Ka3 Qa5# 0-1

[Event "St Petersburg White Nights op"]
[Site "St Petersburg"]
[Date "2006.06.30"]
[Round "8"]
[White "Matrosov, Vladimir"]
[Black "Karalkin, Maksim"]
[Result "0-1"]
[WhiteElo "2082"]
[BlackElo "2228"]
[PlyCount "92"]
[EventDate "2006.06.23"]
[EventType "swiss"]
[EventRounds "9"]
[EventCountry "RUS"]
[SourceTitle "CBM 112 Extra"]
[Source "ChessBase"]
[SourceDate "2006.07.14"]
[SourceVersion "1"]
[SourceVersionDate "2006.07.14"]
[SourceQuality "1"]

1. f4 d5 2. Nf3 g6 3. e3 Bg7 4. d4 Nf6 5. Bd3 c5 6. c3 0-0 7. 0-0 b6 8. Qe2 Bb7 9. Bd2 Ne4 10. Be1 Qc7 11. Nbd2 a5 12. Bh4 a4 13. Ng5 Bf6 14. a3 Nxd2 15. Qxd2 Ba6 16. Nf3 Nd7 17. Bg3 Bxd3 18. Qxd3 Qb7 19. Rad1 e6 20. Ne5 Be7 21. Nxd7 Qxd7 22. c4 Rfd8 23. dxc5 Bxc5 24. Bh4 Re8 25. Bf2 Qe7 26. cxd5 exd5 27. Qxd5 Bxe3 28. Qf3 Rac8 29. Rfe1 Bxf2+ 30. Qxf2 Qf6 31. Rxe8+ Rxe8 32. Qd4 Qc6 33. h3 Re2 34. Qd8+ Kg7 35. Qg5 Rxb2 36. Rd4 b5 37. Qe5+ Qf6 38. Qc5 Qf5 39. Qd6 h5 40. Qe7 Rc2 41. Qe3 Qc5 42. Rd3 Qxe3+ 43. Rxe3 Rb2 44. Re5 Kf6 45. g3 b4 46. axb4 a3 0-1

[Event "St Petersburg White Nights op"]
[Site "St Petersburg"]
[Date "2006.06.27"]
[Round "5"]
[White "Matrosov, Vladimir"]
[Black "Vunder, Andrei"]
[Result "0-1"]
[WhiteElo "2082"]
[BlackElo "2293"]
[PlyCount "82"]
[EventDate "2006.06.23"]
[EventType "swiss"]
[EventRounds "9"]
[EventCountry "RUS"]
[SourceTitle "CBM 112 Extra"]
[Source "ChessBase"]
[SourceDate "2006.07.14"]
[SourceVersion "1"]
[SourceVersionDate "2006.07.14"]
[SourceQuality "1"]

1. f4 d5 2. Nf3 Nf6 3. e3 Bg4 4. d4 e6 5. Bd3 c5 6. c3 Nc6 7. 0-0 Bd6 8. h3 Bf5 9. Ne5 Qc7 10. g4 Bxd3 11. Qxd3 h5 12. g5 Ne4 13. Nd2 Bxe5 14. dxe5 c4 15. Qc2 Ng3 16. Rf3 Nf5 17. b3 cxb3 18. axb3 Nb4 19. Qb2 Nd3 20. Qa3 Ne1 21. Qa4+ Qd7 22. Rf1 Nc2 23. Qxd7+ Kxd7 24. Ra2 Ncxe3 25. Re1 Rhc8 26. Nb1 d4 27. cxd4 Nd5 28. Rd1 Nxd4 29. Bb2 Ne2+ 30. Kf1 Nexf4 31. Nc3 Ke8 32. Nxd5 Nxd5 33. Bd4 a6 34. Rf2 Rc7 35. Kg1 Ne7 36. Rfd2 Rd7 37. Bc5 Rxd2 38. Rxd2 Rc8 39. b4 Nd5 40. Rf2 g6 41. Kh2 a5 0-1